[Event "Voronezh op-B 23rd"]
[Site "Voronezh"]
[Date "2019.06.20"]
[Round "9"]
[White "Spitsyn, Grigory"]
[Black "Al Azmi, Khalaf"]
[Result "1-0"]
[WhiteElo "1645"]
[BlackElo "1738"]
[PlyCount "59"]
[EventDate "2019.06.12"]
[EventType "swiss"]
[EventRounds "9"]
[EventCountry "RUS"]
[SourceTitle "EXT 2020"]
[Source "ChessBase"]
[SourceDate "2019.10.17"]
[SourceVersion "1"]
[SourceVersionDate "2019.10.17"]
[SourceQuality "1"]

1. e4 e5 2. Nf3 Nc6 3. Bb5 Nd4 4. Nxd4 exd4 5. d3 Bc5 6. 0-0 c6 7. Ba4 Ne7 8. f4 d5 9. Nd2 Qc7 10. Qe2 h5 11. exd5 Bg4 12. Qe1 0-0-0 13. dxc6 Nxc6 14. Qf2 Rhe8 15. Nf3 Bxf3 16. Qxf3 Re3 17. Qxh5 Bb6 18. Bxc6 Qxc6 19. Bxe3 dxe3 20. Qe2 Rh8 21. c3 Qh6 22. g3 g5 23. d4 gxf4 24. Rxf4 Bc7 25. Rf3 Re8 26. Re1 Qb6 27. Rxf7 Qe6 28. Rf3 Qxa2 29. Rxe3 Rxe3 30. Qxe3 1-0

[Event "Voronezh op-B 23rd"]
[Site "Voronezh"]
[Date "2019.06.17"]
[Round "6"]
[White "Medvedev, Matvey"]
[Black "Spitsyn, Grigory"]
[Result "0-1"]
[WhiteElo "1929"]
[BlackElo "1645"]
[PlyCount "86"]
[EventDate "2019.06.12"]
[EventType "swiss"]
[EventRounds "9"]
[EventCountry "RUS"]
[SourceTitle "EXT 2020"]
[Source "ChessBase"]
[SourceDate "2019.10.17"]
[SourceVersion "1"]
[SourceVersionDate "2019.10.17"]
[SourceQuality "1"]

1. d4 Nf6 2. c4 g6 3. Nc3 Bg7 4. e4 d6 5. Be2 0-0 6. Nf3 e5 7. 0-0 Nc6 8. d5 Ne7 9. b4 Nh5 10. g3 f5 11. Ng5 Nf6 12. f3 h6 13. Ne6 Bxe6 14. dxe6 Nc6 15. c5 Nd4 16. Bc4 Qe7 17. cxd6 cxd6 18. Nd5 Nxd5 19. Bxd5 Nxe6 20. Qb3 Rae8 21. Be3 a6 22. Rfd1 Kh8 23. Bxe6 Qxe6 24. Qxe6 Rxe6 25. Rac1 fxe4 26. fxe4 Rf3 27. Rc8+ Kh7 28. Bc1 Rf7 29. Kg2 Bf8 30. Be3 Ref6 31. Rdc1 Kg7 32. R1c7 g5 33. h4 gxh4 34. gxh4 Kg6 35. Rc2 Kh5 36. Bf2 Rg6+ 37. Kh2 Rgg7 38. Rb8 Rg4 39. a4 Rxe4 40. b5 Rxa4 41. b6 Rg4 42. Be1 Rfg7 43. Ba5 d5 0-1

[Event "Voronezh op-B 23rd"]
[Site "Voronezh"]
[Date "2019.06.16"]
[Round "5"]
[White "Spitsyn, Grigory"]
[Black "Kushnarenko, Egor"]
[Result "0-1"]
[WhiteElo "1645"]
[BlackElo "1737"]
[PlyCount "54"]
[EventDate "2019.06.12"]
[EventType "swiss"]
[EventRounds "9"]
[EventCountry "RUS"]
[SourceTitle "EXT 2020"]
[Source "ChessBase"]
[SourceDate "2019.10.17"]
[SourceVersion "1"]
[SourceVersionDate "2019.10.17"]
[SourceQuality "1"]

1. e4 e6 2. d4 d5 3. e5 c5 4. c3 Nc6 5. Nf3 Qb6 6. a3 Bd7 7. b4 cxd4 8. cxd4 Rc8 9. Be2 Nh6 10. Bxh6 gxh6 11. 0-0 Be7 12. Qd2 Rg8 13. Rd1 Bg5 14. Nxg5 hxg5 15. Ra2 Ke7 16. Rc2 Nxd4 17. Rxc8 Nxe2+ 18. Qxe2 Bxc8 19. Qh5 Rg7 20. Qh6 Kf8 21. h4 Qc7 22. Qf6 gxh4 23. Nc3 Qe7 24. Qf3 Qg5 25. Re1 Bd7 26. Kh1 a6 27. a4 Qg4 0-1

[Event "Voronezh op-B 23rd"]
[Site "Voronezh"]
[Date "2019.06.15"]
[Round "4"]
[White "Bezhenar, Georgy"]
[Black "Spitsyn, Grigory"]
[Result "1/2-1/2"]
[WhiteElo "1944"]
[BlackElo "1645"]
[PlyCount "115"]
[EventDate "2019.06.12"]
[EventType "swiss"]
[EventRounds "9"]
[EventCountry "RUS"]
[SourceTitle "EXT 2020"]
[Source "ChessBase"]
[SourceDate "2019.10.17"]
[SourceVersion "1"]
[SourceVersionDate "2019.10.17"]
[SourceQuality "1"]

1. d4 Nf6 2. c4 g6 3. g3 Bg7 4. Bg2 d6 5. Nc3 0-0 6. e4 Nfd7 7. Nge2 c5 8. 0-0 Nc6 9. d5 Na5 10. b3 a6 11. Rb1 Rb8 12. Bb2 b5 13. cxb5 axb5 14. Nf4 b4 15. Nce2 Bxb2 16. Rxb2 Nf6 17. Nd3 Ne8 18. Rc2 Nc7 19. f4 Nb5 20. Nb2 Qb6 21. Nc4 Nxc4 22. bxc4 Nc7 23. f5 Ra8 24. Qd2 Kg7 25. fxg6 hxg6 26. Nf4 Ne8 27. Nh5+ Kh7 28. Nf4 Nf6 29. Nd3 Kg7 30. Qg5 Ra3 31. e5 Bf5 32. Rxf5 Nh7 33. Qg4 Rxd3 34. e6 Rd4 35. Rf4 Rxf4 36. gxf4 f5 37. Qg3 Nf6 38. Bf3 Rh8 39. h4 Qb8 40. Rg2 Qe8 41. Qg5 Rh6 42. h5 Kh7 43. Rh2 Nxh5 44. Kf2 Qf8 45. Bxh5 Rxh5 46. Rxh5+ gxh5 47. Qxh5+ Kg7 48. Qg5+ Kh7 49. Kf3 Kh8 50. Qh5+ Kg7 51. Qg5+ Kh7 52. Kg3 Qg7 53. Kh4 Qh6+ 54. Kg3 Qg7 55. Kf3 Qxg5 56. fxg5 Kg7 57. Ke3 Kh7 58. Kf3 1/2-1/2